| 000 | 02100nam0a2200337 4500 | ||
|---|---|---|---|
| 001 | RU\NLR\bibl\2083386 | ||
| 005 | 20260408111234.0 | ||
| 010 |
_a978-5-9227-0340-6 _9300 |
||
| 021 |
_aRU _b2014-8155 _9512 |
||
| 035 | _a(NLR Aleph) 002073613 | ||
| 090 |
_a4781227 _c4781227 |
||
| 100 | _a20131026d2012 |||y0rusy50 ca | ||
| 101 | 0 | _arus | |
| 102 | _aRU | ||
| 105 | _ay ||||||||| | ||
| 200 | 1 |
_aРоссия - Китай: перекрестный год туризма _eматериалы Международной научно-практической конференции _f[редкол.: И.Ю. Лапина и др.] |
|
| 210 |
_aСанкт-Петербург _cСанкт-Петербургский государственный архитектурно-строительный университет _d2012 |
||
| 215 |
_a255 c. _cил. _d20 |
||
| 300 | _aВ надзаг.: М-во образования и науки Рос. Федерации, С.-Петерб. гос. архит.-строит. ун-т, Междунар. обществ. Фонд культуры и образования | ||
| 316 | _aС автогр. ред. | ||
| 320 | _aБиблиогр. в подстроч. примеч. | ||
| 607 | 3 |
_aКитай _jСъезды, совещания и т.п. _xИсторико-этнографические исследования _92374368 _3RU\NLR\AUTH\661417042 |
|
| 686 | 1 | _aТ3(5Кит) я431 | |
| 702 | 1 |
_aЛапина _bИ.Ю. _4340 |
|
| 711 | 1 | 2 |
_a"Россия - Китай: перекрестный год туризма", международная научно-практическая конференция _f2012 _eСанкт-Петербург _3RU\NLR\AUTH\8810248146 _9381818 |
| 801 | 0 |
_aRU _bNLR _c20131017 _gRCR |
|
| 801 | 1 |
_aRU _bNLR _c20131017 |
|
| 942 | _cBOOK | ||
| 980 | _aNB | ||